|
|
|
|
| LEADER |
00000nab a2200000 a 4500 |
| 001 |
vtls000802258 |
| 003 |
SK-MaSNL |
| 005 |
20260304035347.0 |
| 008 |
140301c2002 xo 0 slo |
| 015 |
|
|
|a SNBRB2002/08-24765
|
| 035 |
|
|
|a CLN000153913
|
| 040 |
|
|
|a SNKBUCL
|b slo
|c SNKBUCL
|e AACR2
|
| 041 |
0 |
|
|a slo
|
| 044 |
|
|
|a xo
|c SK
|
| 080 |
|
|
|a 327.39(4):061.3
|2 1997
|
| 100 |
1 |
|
|a Stavrovská, Ivana
|4 aut
|9 840629
|
| 245 |
1 |
0 |
|a Ilegálna imigrácia témou summitu EÚ číslo jeden
|b Španielsko si na radosť kandidátov praje ešte jasnejší záväzok ...
|c Ivana Stavrovská
|
| 300 |
|
|
|b Fotogr.
|
| 610 |
2 |
7 |
|a Európska únia
|2 SNKKA
|9 29861
|
| 648 |
|
7 |
|a 21.-22.6.2002
|2 SNK
|9 1318730
|
| 648 |
|
7 |
|a 2002
|2 SNK
|9 299607
|
| 650 |
0 |
7 |
|a summity
|2 SNKPH
|9 81437
|
| 655 |
|
7 |
|a články z novín a časopisov
|2 snkbucl
|9 267496
|
| 773 |
0 |
|
|t Hospodárske noviny
|g Roč. 10, č. 119 (21.-23.6.2002), s. 20
|x 1335-4701
|
| 850 |
|
|
|a Slovenská národná knižnica v Martine
|
| 852 |
|
|
|a SNK
|b KIS3GCP
|
| 992 |
|
|
|a RBX
|
| 999 |
|
|
|c 2657768
|d 2659698
|